000 00947nam a22003017a 4500
001 9079
003 FISKH
005 20251119084813.0
008 251119b cb ||||| |||| 00| 0 eng d
020 _a0439519160
040 _aFISKH
_beng
_cFISKH
_dFISKH
050 _aPR9639.C644 A
082 _a421.1
100 _aCowley, Joy
245 _aApple babana cherry /
_cwritten by Joy Cowley : illustrated by Elizabeth Fuller
250 _aFirst Scholastic Club printing , December 2002
260 _aNew York :
_bScholastic ,
_c2000.
300 _a32 pages :
_bcolor illustrations ;
_c27 cm .
505 _aJ
520 _aRead-aloud rhymes make learning the alphabet so much fun for young readers.
521 8 _a490
_bLexile AD
521 8 _aJ
_bRaz-Plus
650 _aAlphabets
_vPicture Book
650 _aFood
_vPicture Book
700 _aFuller, Elizabeth
_eIllustrator
942 _2ddc
_cBK
_n0
999 _c9079
_d9079